[Event "IIX Sud. Sub 20-2013_Absoluto"]
[Site "Asuncion"]
[Date "2013.05.23"]
[Round "9.3"]
[White "Zarate, Fernandoh"]
[Black "Henriquez Villagra, Cristobal"]
[Result "0-1"]
[WhiteElo "1813"]
[BlackElo "2352"]
[PlyCount "82"]
[EventDate "2013.05.17"]
[EventType "swiss"]
[EventCountry "PAR"]
[SourceDate "2005.09.12"]

1. d4 d5 2. c4 e6 3. Nc3 Be7 4. Nf3 Nf6 5. cxd5 exd5 6. Bg5 c6 7. Qc2 g6 8. e3
Bf5 9. Bd3 Bxd3 10. Qxd3 Nbd7 11. O-O O-O 12. Rae1 Re8 13. h3 Ne4 14. Bh6 Bd6
15. Nd2 Nxc3 16. bxc3 Qh4 17. Bf4 Bxf4 18. exf4 Qxf4 19. Re3 Nf6 20. Rfe1 Rxe3
21. Rxe3 Re8 22. Rxe8+ Nxe8 23. Nf3 Qe4 24. Qd1 Nd6 25. Qa4 Nc8 26. Qb3 Qe7 27.
Ne5 Nb6 28. Qd1 f6 29. Nd3 Nc4 30. Qg4 Nd6 31. h4 Nf5 32. h5 Qe4 33. Qh3 g5 34.
Nc5 Qe1+ 35. Kh2 Qxf2 36. Nxb7 Qf4+ 37. Kg1 g4 38. Qd3 g3 39. Qc2 Ne3 40. Qe2
Qe4 41. Qb2 Qd3 0-1

[Event "IIX Sud. Sub 20-2013_Absoluto"]
[Site "Asuncion"]
[Date "2013.05.23"]
[Round "9.4"]
[White "Apuril, Jose"]
[Black "Torres, Juan Camilo"]
[Result "0-1"]
[WhiteElo "1961"]
[BlackElo "2344"]
[PlyCount "117"]
[EventDate "2013.05.17"]
[EventType "swiss"]
[EventCountry "PAR"]
[SourceDate "2005.09.12"]

1. d4 Nf6 2. Nf3 e6 3. Bf4 c5 4. e3 Qb6 5. Nc3 a6 6. dxc5 Qxc5 7. Be2 d5 8. Ne5
Nc6 9. O-O Be7 10. Na4 Qa5 11. Nxc6 bxc6 12. c4 O-O 13. Qc2 c5 14. Bf3 Ra7 15.
Rfd1 d4 16. exd4 cxd4 17. c5 Bd7 18. c6 Rc8 19. Rxd4 e5 20. Bd2 Qd8 21. Rc4 Be6
22. Rc3 e4 23. Be3 Rac7 24. Rd1 Qe8 25. Bxe4 Nxe4 26. Qxe4 Rxc6 27. Bd4 Rc4 28.
Nb6 Rxc3 29. bxc3 Rd8 30. c4 Bc5 31. Nd5 Qa4 32. Nc3 Qxc4 33. Ne2 h6 34. h3
Qxa2 35. Qe5 Bxd4 36. Nxd4 Qa4 37. Rd2 Qa1+ 38. Kh2 Qc3 39. Qe3 Qxe3 40. fxe3
a5 41. Rd3 a4 42. Ra3 Bd7 43. Kg3 Kf8 44. Kf4 Rb8 45. Ra2 Ke7 46. Ke4 Ra8 47.
Kd3 Kd6 48. Ra3 Kd5 49. Ra2 Rb8 50. Rc2 Rb3+ 51. Nxb3 Bf5+ 52. Kc3 Bxc2 53. Nd2
Be4 54. g3 Bf5 55. Kb4 Bd7 56. h4 Ke5 57. Kc3 Kf5 58. Kd4 Kg4 59. Nc4 0-1

[Event "IIX Sud. Sub 20-2013_Absoluto"]
[Site "Asuncion"]
[Date "2013.05.23"]
[Round "9.5"]
[White "Mendoza, Rodrigo"]
[Black "Caceres Recalde, Fernando"]
[Result "0-1"]
[WhiteElo "2148"]
[BlackElo "2204"]
[PlyCount "42"]
[EventDate "2013.05.17"]
[EventType "swiss"]
[EventCountry "PAR"]
[SourceDate "2005.09.12"]

1. d4 Nf6 2. Nf3 g6 3. c4 Bg7 4. Nc3 O-O 5. Bg5 d6 6. e3 h6 7. Bh4 c5 8. Be2 g5
9. Bg3 Nh5 10. Qd3 g4 11. Nd2 cxd4 12. exd4 Nc6 13. Nb3 f5 14. f3 a5 15. a4 Nb4
16. Qd2 e5 17. Nb5 gxf3 18. gxf3 f4 19. Bf2 Bf5 20. O-O e4 21. Nxa5 Nc2 0-1

[Event "IIX Sud. Sub 20-2013_Absoluto"]
[Site "Asuncion"]
[Date "2013.05.23"]
[Round "9.6"]
[White "Vazquez, Guillermo"]
[Black "Quenallata, Luciano"]
[Result "1-0"]
[WhiteElo "2353"]
[BlackElo "2194"]
[PlyCount "93"]
[EventDate "2013.05.17"]
[EventType "swiss"]
[EventCountry "PAR"]
[SourceDate "2005.09.12"]

1. e4 c5 2. Nf3 d6 3. d4 cxd4 4. Nxd4 Nf6 5. Nc3 g6 6. g3 Bg7 7. Bg2 O-O 8. O-O
Nfd7 9. h3 Nc6 10. Nde2 a6 11. a4 Rb8 12. Bg5 h6 13. Be3 b5 14. axb5 axb5 15.
Rb1 b4 16. Nd5 Nc5 17. b3 Ba6 18. Re1 Bxe2 19. Rxe2 Qa5 20. Rd2 Rfc8 21. h4 h5
22. Bg5 Qa7 23. Kh2 Re8 24. f3 Ne5 25. Be3 Qb7 26. Bd4 Ne6 27. Bb2 Qa7 28. Bh3
Kh7 29. f4 Nd7 30. Bxg7 Kxg7 31. Qf3 Nec5 32. Re1 e6 33. Ne3 d5 34. exd5 exd5
35. Rde2 d4 36. Nf5+ Kf8 37. Nxd4 Nf6 38. f5 Rxe2+ 39. Rxe2 Qb7 40. Qf4 Kg7 41.
fxg6 fxg6 42. Qe5 Nce4 43. Ne6+ Kg8 44. Nc5 Nxc5 45. Qxf6 Qf7 46. Qd6 Rb5 47.
Qd8+ 1-0

[Event "IIX Sud. Sub 20-2013_Absoluto"]
[Site "Asuncion"]
[Date "2013.05.23"]
[Round "9.7"]
[White "Heinechen, Juan"]
[Black "Heinechen, John"]
[Result "0-1"]
[WhiteElo "1596"]
[BlackElo "1838"]
[PlyCount "107"]
[EventDate "2013.05.17"]
[EventType "swiss"]
[EventCountry "PAR"]
[SourceDate "2005.09.12"]

1. e4 c5 2. Nc3 e6 3. g3 a6 4. Bg2 b5 5. d3 Bb7 6. Be3 b4 7. Nce2 d5 8. exd5
Bxd5 9. Nf3 Nf6 10. O-O Be7 11. Nf4 Bb7 12. d4 Nbd7 13. Nd3 Nd5 14. Rc1 Nxe3
15. fxe3 O-O 16. c3 Qb6 17. cxb4 cxb4 18. Nde5 Nf6 19. Nc4 Qb5 20. Nfe5 Bxg2
21. Kxg2 Rac8 22. Qd3 Rfd8 23. Rfd1 Nd7 24. Nxd7 Rxd7 25. Ne5 Rxc1 26. Qxb5
Rc2+ 27. Kh3 axb5 28. Nxd7 Rxb2 29. Rc1 g6 30. Rc8+ Kg7 31. Rb8 Rxa2 32. Rxb5
Re2 33. Ne5 Rxe3 34. Rb7 Bf8 35. Nxf7 Kf6 36. Ne5 Rxe5 37. dxe5+ Kxe5 38. Rxh7
Kd4 39. Kg4 e5 40. Rd7+ Kc4 41. Rc7+ Bc5 42. Rf7 b3 43. Rf1 Kc3 44. Rb1 b2 45.
Kf3 Kc2 46. Rxb2+ Kxb2 47. Ke4 Bd6 48. h4 Kc3 49. Ke3 Be7 50. Ke4 Bf6 51. Ke3
Kc4 52. Ke4 Kc5 53. g4 Bxh4 54. Kxe5 0-1

[Event "IIX Sud. Sub 20-2013_Absoluto"]
[Site "Asuncion"]
[Date "2013.05.23"]
[Round "9.9"]
[White "De Picciotto, Lucas"]
[Black "Latorre, Matias"]
[Result "0-1"]
[WhiteElo "1782"]
[BlackElo "2254"]
[PlyCount "112"]
[EventDate "2013.05.17"]
[EventType "swiss"]
[EventCountry "PAR"]
[SourceDate "2005.09.12"]

1. e4 c5 2. d3 Nc6 3. g3 d5 4. Bg2 dxe4 5. Bxe4 Nf6 6. Bg2 g6 7. Nf3 Bg7 8. O-O
O-O 9. Nc3 Bd7 10. Be3 b6 11. h3 Qc8 12. Kh2 Rd8 13. Ng5 h6 14. Nge4 Nxe4 15.
Nxe4 Rb8 16. Rb1 Be6 17. a3 c4 18. Qc1 cxd3 19. cxd3 Kh7 20. Ng5+ hxg5 21. Qxc6
Qxc6 22. Bxc6 Rbc8 23. Bg2 g4 24. Rfd1 Bd4 25. Bxd4 Rxd4 26. hxg4 Bxg4 27. Rd2
Bf5 28. Bh3 Rcd8 29. Bxf5 gxf5 30. Rc1 R8d7 31. Kg2 e5 32. Re2 f6 33. Re3 Kg6
34. Rc3 Kg5 35. Kf3 f4 36. gxf4+ exf4 37. Re8 Rxd3+ 38. Rxd3 Rxd3+ 39. Kg2 Rb3
40. Re4 Rxb2 41. a4 a5 42. Rd4 Kg4 43. Rc4 f5 44. Rd4 Rb4 45. Rd6 f3+ 46. Kh2
Rb2 47. Kg1 Rb1+ 48. Kh2 Rf1 49. Rg6+ Kf4 50. Rxb6 Rxf2+ 51. Kg1 Ra2 52. Rh6
Kg5 53. Rd6 Rxa4 54. Kf2 Kf4 55. Rd3 Ra2+ 56. Kf1 Kg3 0-1

[Event "IIX Sud. Sub 20-2013_Absoluto"]
[Site "Asuncion"]
[Date "2013.05.23"]
[Round "9.10"]
[White "Ibanez, Juan Rodrigo"]
[Black "Aguero Centurio, Abel Alejandr"]
[Result "1-0"]
[WhiteElo "2001"]
[BlackElo "1652"]
[PlyCount "111"]
[EventDate "2013.05.17"]
[EventType "swiss"]
[EventCountry "PAR"]
[SourceDate "2005.09.12"]

1. e4 d5 2. exd5 Qxd5 3. Nc3 Qa5 4. d4 Nf6 5. Nf3 c6 6. Bc4 Bf5 7. Bd2 e6 8.
O-O Bb4 9. Re1 O-O 10. h3 h6 11. Ne5 Nbd7 12. a3 Bxc3 13. Bxc3 Qc7 14. Rc1 Rfd8
15. Qf3 Nd5 16. Bd2 Nxe5 17. dxe5 b5 18. Bd3 Bxd3 19. cxd3 Ne7 20. Bb4 Rd5 21.
Bxe7 Qxe7 22. Rxc6 Rad8 23. Rc3 b4 24. Rb3 bxa3 25. bxa3 Qd7 26. Re3 a5 27. d4
a4 28. Rb4 Rb5 29. Rxb5 Qxb5 30. Qe4 Qb6 31. Rd3 Qb1+ 32. Kh2 Rd5 33. Qf3 Qb2
34. Rc3 Qb8 35. Rc4 Qe8 36. Qc3 Rd8 37. Rc7 Rb8 38. Qc5 Ra8 39. f4 Qd8 40. Rc6
Qd7 41. Qc4 Qe7 42. Rc5 g6 43. Qb4 Kg7 44. Qc3 Qh4 45. g3 Qh5 46. g4 Qh4 47.
Qe3 Rb8 48. f5 exf5 49. gxf5 Rb3 50. Rc3 Rxc3 51. Qxc3 Qf2+ 52. Kh1 Qxf5 53.
Kg2 Qe4+ 54. Kf2 Qb1 55. d5 Qe4 56. d6 {.... 90 (ilegible)} 1-0

[Event "Morbihan Ch "]
[Site "France"]
[Date "2012.10.27"]
[Round "1.1"]
[White "Duplessy, Franck"]
[Black "Malry, Celia"]
[Result "1-0"]
[WhiteElo "2086"]
[BlackElo "1610"]
[PlyCount "49"]
[EventDate "2012.10.??"]
[EventType "swiss"]
[EventRounds "7"]
[EventCountry "FRA"]
[SourceDate "2005.09.12"]

1. e4 e5 2. Nf3 Nc6 3. Bb5 b6 4. O-O Bb7 5. d4 Bd6 6. Bxc6 Bxc6 7. dxe5 Bc5 8.
Nc3 Qe7 9. Nd5 Qd8 10. Bg5 Qb8 11. a3 a5 12. Qd2 Qb7 13. b4 Bxd5 14. exd5 Be7
15. c4 h6 16. Be3 d6 17. Rfe1 dxe5 18. Nxe5 Nf6 19. Nc6 Ne4 20. Qd3 Nd6 21. Bd4
Nc8 22. Bxg7 Rg8 23. Qh7 Rxg7 24. Qxg7 Kd7 25. Qxf7 1-0

[Event "Morbihan Ch "]
[Site "France"]
[Date "2012.10.27"]
[Round "1.2"]
[White "Le Coz, Yannick"]
[Black "Caderon, Michel"]
[Result "0-1"]
[WhiteElo "1595"]
[BlackElo "2007"]
[PlyCount "74"]
[EventDate "2012.10.??"]
[EventType "swiss"]
[EventRounds "7"]
[EventCountry "FRA"]
[SourceDate "2005.09.12"]

1. e4 c5 2. Nf3 d6 3. Bb5+ Bd7 4. Qe2 Qb6 5. Nc3 e6 6. a4 a6 7. a5 Bxb5 8. axb6
Bxe2 9. Kxe2 Nc6 10. Nb5 Rc8 11. Nc7+ Kd7 12. c3 Nf6 13. d3 Be7 14. Bd2 Bd8 15.
b4 Bxc7 16. bxc7 cxb4 17. cxb4 Rxc7 18. Rhb1 Na7 19. Nd4 e5 20. b5 exd4 21. b6
Rc6 22. bxa7 b5 23. h3 Ra8 24. f4 Rxa7 25. Rxb5 axb5 26. Rxa7+ Rc7 27. Rxc7+
Kxc7 28. Kf3 Kc6 29. Bb4 Nd7 30. g4 Nb8 31. e5 dxe5 32. fxe5 Kd5 33. Bf8 g6 34.
Bg7 Nd7 35. Kf4 b4 36. e6 fxe6 37. Kg3 b3 0-1

[Event "Morbihan Ch "]
[Site "France"]
[Date "2012.10.27"]
[Round "1.3"]
[White "Salaün, Michel"]
[Black "Girod, Bernard"]
[Result "1-0"]
[WhiteElo "2005"]
[BlackElo "1560"]
[PlyCount "51"]
[EventDate "2012.10.??"]
[EventType "swiss"]
[EventRounds "7"]
[EventCountry "FRA"]
[SourceDate "2005.09.12"]

1. Nf3 Nf6 2. d4 d5 3. c4 e6 4. Nc3 Be7 5. Bf4 Bd7 6. e3 O-O 7. Bd3 c5 8. Ne5
Nc6 9. Bc2 cxd4 10. exd4 g6 11. O-O Nh5 12. Bh6 Ng7 13. cxd5 exd5 14. Nxd5 Nxe5
15. Nxe7+ Qxe7 16. dxe5 Bc6 17. f4 Rfe8 18. Rc1 Rad8 19. Qe1 Rd4 20. Qf2 Qb4
21. f5 Rg4 22. fxg6 Rxg2+ 23. Qxg2 Bxg2 24. gxf7+ Kh8 25. Bxg7+ Kxg7 26. fxe8=Q
1-0

[Event "Morbihan Ch "]
[Site "France"]
[Date "2012.10.27"]
[Round "1.4"]
[White "Le Gal, Loïc"]
[Black "Le Corre, Yves"]
[Result "0-1"]
[WhiteElo "1587"]
[BlackElo "1920"]
[PlyCount "50"]
[EventDate "2012.10.??"]
[EventType "swiss"]
[EventRounds "7"]
[EventCountry "FRA"]
[SourceDate "2005.09.12"]

1. c4 Nf6 2. Nc3 g6 3. e3 Bg7 4. g3 O-O 5. Bg2 d6 6. Nge2 Nc6 7. a3 a5 8. O-O
e5 9. d4 exd4 10. exd4 Re8 11. d5 Ne5 12. b3 Nfd7 13. Bb2 Nc5 14. Be4 Bg4 15.
Qc2 Bf3 16. Bxf3 Nxf3+ 17. Kg2 Ne5 18. b4 Ncd3 19. Nd1 Nxb2 20. Nxb2 axb4 21.
axb4 Qf6 22. Rxa8 Rxa8 23. Nd3 Qf3+ 24. Kh3 Nxd3 25. Ng1 Qf5+ 0-1

[Event "Morbihan Ch "]
[Site "France"]
[Date "2012.10.27"]
[Round "1.5"]
[White "Lagès, Michel"]
[Black "Barton, Robin"]
[Result "0-1"]
[WhiteElo "1917"]
[BlackElo "1522"]
[PlyCount "72"]
[EventDate "2012.10.??"]
[EventType "swiss"]
[EventRounds "7"]
[EventCountry "FRA"]
[SourceDate "2005.09.12"]

1. c4 Nf6 2. Nc3 e6 3. e4 c5 4. Nf3 d6 5. d4 cxd4 6. Nxd4 Nc6 7. Be3 Be7 8. Be2
O-O 9. O-O a6 10. Qd2 Qc7 11. Rac1 Bd7 12. a3 Rfd8 13. b4 Nxd4 14. Bxd4 Bc6 15.
f3 b6 16. b5 Bb7 17. Qe3 Nd7 18. bxa6 Bxa6 19. Nb5 Bxb5 20. cxb5 Nc5 21. Qc3 e5
22. Bc4 exd4 23. Qxd4 Bf6 24. Qe3 Qe7 25. Rcd1 Ra5 26. Rd5 Rda8 27. Rfd1 Rxa3
28. Qf4 Be5 29. Qg4 Ra1 30. f4 Rxd1+ 31. Rxd1 Bf6 32. e5 dxe5 33. fxe5 Qxe5 34.
Rd5 Qe1+ 35. Bf1 Qe3+ 36. Kh1 Ne4 0-1

[Event "Morbihan Ch "]
[Site "France"]
[Date "2012.10.27"]
[Round "1.6"]
[White "Agogue, Yann"]
[Black "Jolivel, Dominique"]
[Result "0-1"]
[WhiteElo "1520"]
[BlackElo "1896"]
[PlyCount "74"]
[EventDate "2012.10.??"]
[EventType "swiss"]
[EventRounds "7"]
[EventCountry "FRA"]
[SourceDate "2005.09.12"]

1. e4 c5 2. Nf3 e6 3. Nc3 Nc6 4. d3 h6 5. g3 a6 6. Bg2 Be7 7. Be3 d5 8. exd5
exd5 9. Ne2 d4 10. Bd2 Nf6 11. c3 O-O 12. O-O Re8 13. cxd4 cxd4 14. Rc1 Bf5 15.
Bf4 g5 16. Be5 Bg4 17. Rc4 Bxf3 18. Bxf3 Nxe5 19. Bxb7 Nxc4 20. dxc4 Rb8 21.
Bc6 d3 22. Nc1 d2 23. Nb3 Rf8 24. Qc2 Qb6 25. Bg2 Rfd8 26. Rd1 Bb4 27. h3 Kg7
28. Bf1 a5 29. Bd3 a4 30. Nxd2 Bc5 31. Ne4 Nxe4 32. Bxe4 Rxd1+ 33. Qxd1 Bxf2+
34. Kh2 Qe3 35. Qg4 Rxb2 36. Bg2 Bg1+ 37. Kh1 Rxg2 0-1

[Event "Morbihan Ch "]
[Site "France"]
[Date "2012.10.27"]
[Round "1.7"]
[White "Landais, Romain"]
[Black "Audren, Jean"]
[Result "1-0"]
[WhiteElo "1896"]
[BlackElo "1520"]
[PlyCount "81"]
[EventDate "2012.10.??"]
[EventType "swiss"]
[EventRounds "7"]
[EventCountry "FRA"]
[SourceDate "2005.09.12"]

1. e4 e5 2. Nf3 d6 3. Bc4 Be7 4. d4 exd4 5. c3 Nf6 6. Qb3 O-O 7. Ng5 d5 8. exd5
Qd6 9. cxd4 Nbd7 10. O-O Nb6 11. Nc3 Nxc4 12. Qxc4 a6 13. Nge4 Nxe4 14. Nxe4
Qb6 15. Nc5 Qd6 16. Nd3 b5 17. Qc6 Bd7 18. Bf4 Bxc6 19. Bxd6 Bxd6 20. dxc6 Rfe8
21. Rfe1 Kf8 22. Re3 f6 23. Rae1 Re7 24. Rxe7 Bxe7 25. Nf4 Kf7 26. Ne6 Bd6 27.
d5 Re8 28. h3 Re7 29. Kf1 h6 30. Ke2 g5 31. Kd3 Be5 32. b3 h5 33. Nc5 a5 34. a4
b4 35. Nb7 Re8 36. Nxa5 Rd8 37. Kc4 Bd6 38. Nb7 Re8 39. Rxe8 Kxe8 40. Nxd6+
cxd6 41. a5 1-0

[Event "Morbihan Ch "]
[Site "France"]
[Date "2012.10.27"]
[Round "1.8"]
[White "Audrain, Emmanuelle"]
[Black "Annetti, Laurent"]
[Result "0-1"]
[WhiteElo "1499"]
[BlackElo "1875"]
[PlyCount "40"]
[EventDate "2012.10.??"]
[EventType "swiss"]
[EventRounds "7"]
[EventCountry "FRA"]
[SourceDate "2005.09.12"]

1. e4 e5 2. Nf3 Nc6 3. Bc4 Nf6 4. d3 Bc5 5. Nc3 a6 6. Be3 Ba7 7. Qd2 d6 8. Ng5
O-O 9. O-O-O Nd4 10. Ne2 b5 11. Bd5 c6 12. Bxd4 cxd5 13. Bxa7 Rxa7 14. Qe3 d4
15. Qg3 Ng4 16. h4 Qa5 17. f4 Ne3 18. Rde1 Qxa2 19. Nc3 dxc3 20. Qxe3 Qa1# 0-1

[Event "Morbihan Ch "]
[Site "France"]
[Date "2012.10.27"]
[Round "1.9"]
[White "Pascot, Jean"]
[Black "Barton, June"]
[Result "1-0"]
[WhiteElo "1875"]
[BlackElo "1499"]
[PlyCount "37"]
[EventDate "2012.10.??"]
[EventType "swiss"]
[EventRounds "7"]
[EventCountry "FRA"]
[SourceDate "2005.09.12"]

1. e4 d6 2. d4 Nf6 3. f3 g6 4. Bc4 Bg7 5. Be3 O-O 6. Nc3 c6 7. Qd2 Re8 8. O-O-O
a6 9. a3 b5 10. Ba2 Be6 11. Bxe6 fxe6 12. Bh6 Bh8 13. h4 Qd7 14. h5 d5 15. hxg6
dxe4 16. gxh7+ Kxh7 17. Qg5 Rg8 18. Bg7+ Nh5 19. Rxh5# 1-0

[Event "Morbihan Ch "]
[Site "France"]
[Date "2012.10.27"]
[Round "1.10"]
[White "Guetta, Claude"]
[Black "Guegan, Michel"]
[Result "0-1"]
[WhiteElo "1499"]
[BlackElo "1855"]
[PlyCount "78"]
[EventDate "2012.10.??"]
[EventType "swiss"]
[EventRounds "7"]
[EventCountry "FRA"]
[SourceDate "2005.09.12"]

1. e4 d5 2. e5 Bf5 3. Nf3 e6 4. Bd3 Bxd3 5. cxd3 c5 6. d4 cxd4 7. Nxd4 Nc6 8.
Nxc6 bxc6 9. O-O Nh6 10. d4 Nf5 11. Qa4 Qd7 12. Rd1 Be7 13. Bf4 Rb8 14. b3 Rb4
15. Qa3 Nxd4 16. Rd2 Nb5 17. Qa6 Rxf4 18. g3 Re4 19. f4 Bb4 20. Rc2 Nd4 21. Rb2
Re1+ 22. Kg2 O-O 23. a3 Bc3 24. Nxc3 Rxa1 25. Qd3 Nb5 26. Nb1 Nxa3 27. Qa6 Rxb1
28. Qxa3 Rxb2+ 29. Qxb2 Rb8 30. g4 Qb7 31. Qa3 Qxb3 32. Qxa7 h6 33. h4 Qc2+ 34.
Qf2 Qe4+ 35. Qf3 Rb2+ 36. Kg3 Qe1+ 37. Kh3 Rf2 38. Qg3 Qf1+ 39. Qg2 Qxg2# 0-1

[Event "Morbihan Ch "]
[Site "France"]
[Date "2012.10.27"]
[Round "1.11"]
[White "Nicolas, Stephane"]
[Black "Kerriou, Jean Rene"]
[Result "1-0"]
[WhiteElo "1800"]
[BlackElo "1499"]
[PlyCount "59"]
[EventDate "2012.10.??"]
[EventType "swiss"]
[EventRounds "7"]
[EventCountry "FRA"]
[SourceDate "2005.09.12"]

1. e4 e6 2. c4 g6 3. Nc3 Bg7 4. d4 c5 5. Nb5 d6 6. dxc5 dxc5 7. Bg5 f6 8. Qxd8+
Kxd8 9. Rd1+ Nd7 10. Be3 Bf8 11. Nf3 Nh6 12. g3 a6 13. Nc3 Kc7 14. Bh3 Nb8 15.
e5 f5 16. O-O Be7 17. Bxh6 Nc6 18. Rd2 Rd8 19. Rxd8 Nxd8 20. Bg5 Kd7 21. Na4
Rb8 22. Rd1+ Ke8 23. Bxe7 Kxe7 24. Nxc5 b6 25. Nb3 Bb7 26. Bg2 Nc6 27. Nbd4
Nxd4 28. Nxd4 Bxg2 29. Kxg2 Kd7 30. Nxf5+ 1-0

[Event "Morbihan Ch "]
[Site "France"]
[Date "2012.10.27"]
[Round "1.12"]
[White "Maheo, Francois"]
[Black "Hocher, Eugène"]
[Result "0-1"]
[WhiteElo "1499"]
[BlackElo "1754"]
[PlyCount "120"]
[EventDate "2012.10.??"]
[EventType "swiss"]
[EventRounds "7"]
[EventCountry "FRA"]
[SourceDate "2005.09.12"]

1. e4 c6 2. Bc4 d5 3. exd5 cxd5 4. Bb3 Nf6 5. Nc3 e5 6. d3 h6 7. Qf3 Be6 8. h3
Nc6 9. Ba4 Bc5 10. Be3 Bb4 11. Nge2 d4 12. Bxc6+ bxc6 13. Qxc6+ Bd7 14. Qf3
dxe3 15. Qxe3 Qc7 16. d4 O-O 17. dxe5 Rfe8 18. f4 Nd5 19. Qd2 Nb6 20. O-O-O Be6
21. a3 Nc4 22. Qd3 Qa5 23. Nb1 Bc5 24. b4 Be3+ 25. Nd2 Qxa3+ 26. Qxa3 Nxa3 27.
Kb2 Nb5 28. Nb3 Rac8 29. Rd3 Bb6 30. Nd2 Bf5 31. Rc1 Bxd3 32. cxd3 Nd4 33. Rxc8
Rxc8 34. Nc3 Kf8 35. Nde4 Nf5 36. g4 Ne3 37. f5 Bd4 38. e6 fxe6 39. fxe6 Nd1+
40. Kb3 Rxc3+ 41. Nxc3 Nxc3 42. Kc4 Ne2 43. Kd5 Ke7 44. b5 Bb6 45. Ke5 Nc3 46.
d4 Nxb5 47. d5 Bd4+ 48. Kf5 Bf6 49. Ke4 Kd6 50. Kf5 Nd4+ 51. Kg6 Ke7 52. h4 a5
53. g5 hxg5 54. hxg5 Bxg5 55. Kxg5 Nxe6+ 56. Kf5 a4 57. dxe6 a3 58. Kg6 a2 59.
Kh7 g5 60. Kg8 a1=Q 0-1

[Event "Morbihan Ch "]
[Site "France"]
[Date "2012.10.27"]
[Round "1.13"]
[White "Loizil, Joel"]
[Black "Lemoine, Norbert"]
[Result "1-0"]
[WhiteElo "1709"]
[BlackElo "1498"]
[PlyCount "59"]
[EventDate "2012.10.??"]
[EventType "swiss"]
[EventRounds "7"]
[EventCountry "FRA"]
[SourceDate "2005.09.12"]

1. e4 e6 2. d4 d5 3. Nd2 Nf6 4. exd5 exd5 5. Ngf3 Bd7 6. Bd3 Nc6 7. c3 Bd6 8.
O-O O-O 9. b4 Ne7 10. Qc2 h6 11. Ne5 c6 12. Ndf3 Qc7 13. Re1 Rfe8 14. a4 b6 15.
Be3 Bg4 16. h3 Bxf3 17. Nxf3 Kh8 18. Nh4 Neg8 19. Nf5 Bf8 20. Qd2 Ne4 21. Qc1
Re6 22. Bf4 Qd7 23. f3 Ngf6 24. fxe4 Nxe4 25. Ng3 Rae8 26. Nxe4 dxe4 27. Bc2 g5
28. Be5+ Rxe5 29. dxe5 Qd5 30. Bxe4 1-0

[Event "Morbihan Ch "]
[Site "France"]
[Date "2012.10.27"]
[Round "1.14"]
[White "Josse, Emmanuelle"]
[Black "Georget, Patrice"]
[Result "0-1"]
[WhiteElo "1486"]
[BlackElo "1697"]
[PlyCount "66"]
[EventDate "2012.10.??"]
[EventType "swiss"]
[EventRounds "7"]
[EventCountry "FRA"]
[SourceDate "2005.09.12"]

1. d4 Nf6 2. Nf3 g6 3. Bg5 Bg7 4. e3 O-O 5. c4 d6 6. Nc3 Nbd7 7. Be2 Re8 8. O-O
c5 9. Qc2 Nf8 10. Rad1 cxd4 11. exd4 Ne6 12. d5 Nxg5 13. Nxg5 Bf5 14. Bd3 Bxd3
15. Qxd3 h6 16. Nge4 Nxe4 17. Nxe4 f5 18. Nc3 Rc8 19. b3 a6 20. Qg3 Kh7 21.
Rfe1 Be5 22. Qd3 b5 23. Rc1 bxc4 24. bxc4 Qa5 25. g3 Rb8 26. f4 Qc5+ 27. Kh1
Bf6 28. Rb1 Qa3 29. Rxb8 Rxb8 30. Re3 Qc1+ 31. Kg2 Rb2+ 32. Kh3 Bxc3 33. Qxc3
Qf1+ 0-1

[Event "Morbihan Ch "]
[Site "France"]
[Date "2012.10.27"]
[Round "1.15"]
[White "Peyre, Jean Jacques"]
[Black "Thebaut, Herve"]
[Result "1-0"]
[WhiteElo "1672"]
[BlackElo "1454"]
[PlyCount "149"]
[EventDate "2012.10.??"]
[EventType "swiss"]
[EventRounds "7"]
[EventCountry "FRA"]
[SourceDate "2005.09.12"]

1. g3 d5 2. Bg2 Nf6 3. Nf3 Bf5 4. O-O Nc6 5. d4 Nb4 6. Na3 e6 7. c3 Nc6 8. Nc2
Be7 9. Nce1 O-O 10. Nh4 Be4 11. f3 Bg6 12. Nxg6 hxg6 13. Nd3 Kh7 14. e4 Rh8 15.
e5 Nd7 16. Qe2 Kg8 17. Be3 Na5 18. b3 Rb8 19. Kh1 b6 20. Bg1 c5 21. Rac1 c4 22.
bxc4 Nxc4 23. Nb4 Rc8 24. f4 Qf8 25. Nc2 Ba3 26. Nxa3 Qxa3 27. Rb1 Qxc3 28.
Rfc1 Qxg3 29. Rb3 Qxf4 30. Rf3 Qxc1 31. Rf1 Qg5 32. Qf3 Qe7 33. Qe2 Nb8 34. a4
Nc6 35. Rc1 Qa3 36. Rf1 Qxa4 37. Qg4 Re8 38. Bxd5 exd5 39. Qd7 Rf8 40. e6 Qa3
41. exf7+ Rxf7 42. Qxf7+ Kh7 43. Rf3 Qxf3+ 44. Qxf3 Rd8 45. Qh3+ Kg8 46. Qe6+
Kh7 47. Qxc6 Rd6 48. Qc8 a5 49. Qh3+ Kg8 50. Bf2 Rf6 51. Bg3 Rf5 52. Qh4 Kf7
53. Qd8 a4 54. Qd7+ Kf8 55. Kg2 a3 56. Qd8+ Kf7 57. Qd7+ Kf8 58. Bd6+ Nxd6 59.
Qxd6+ Kg8 60. Qxa3 Kh7 61. Qb3 Kg8 62. Qxb6 Kh7 63. Qd8 Rh5 64. Kg3 Rf5 65. Kg4
Rh5 66. Qd7 Kg8 67. h4 Kf8 68. Qd8+ Kf7 69. Qd6 Rf5 70. Qd7+ Kf6 71. Qe8 Rh5
72. Qf8+ Ke6 73. Qxg7 Rxh4+ 74. Kxh4 Kf5 75. Qe5# 1-0

[Event "Morbihan Ch "]
[Site "France"]
[Date "2012.10.27"]
[Round "1.16"]
[White "Le Pointer, Guilhem"]
[Black "Trelohan, Henri"]
[Result "0-1"]
[WhiteElo "1410"]
[BlackElo "1669"]
[PlyCount "130"]
[EventDate "2012.10.??"]
[EventType "swiss"]
[EventRounds "7"]
[EventCountry "FRA"]
[SourceDate "2005.09.12"]

1. e4 c6 2. Nc3 d5 3. exd5 cxd5 4. Bb5+ Nc6 5. Nge2 e6 6. a3 Nf6 7. d3 Be7 8.
Bf4 O-O 9. O-O Nh5 10. Bg3 Nxg3 11. Nxg3 Bd7 12. Nge2 a6 13. Bxc6 Bxc6 14. d4
Qb6 15. b4 Qc7 16. Qd3 Bf6 17. a4 Bd7 18. b5 a5 19. Rab1 b6 20. g3 Rac8 21.
Rbc1 Qc4 22. Qxc4 Rxc4 23. Nd1 Rfc8 24. c3 Rxa4 25. Nb2 Ra2 26. Rc2 Bxb5 27.
Rb1 Bxe2 28. Rxe2 Rxc3 29. Nd1 Rxe2 30. Nxc3 Rc2 31. Rxb6 g6 32. Nb5 Rb2 33.
Rb7 Bxd4 34. Kf1 Rxf2+ 35. Ke1 Rb2 36. Kd1 Be5 37. Kc1 a4 38. Nd6 Rxb7 39. Nxb7
a3 40. Kb1 f5 41. Nd8 d4 42. Nxe6 d3 43. Nc5 d2 44. Kc2 a2 45. Nb3 a1=Q 46.
Nxa1 Bxa1 47. Kxd2 Be5 48. Ke3 g5 49. Kf3 h5 50. h3 g4+ 51. hxg4 hxg4+ 52. Kg2
Kf7 53. Kf2 Ke6 54. Kg2 Kd5 55. Kf2 Ke4 56. Kg2 Ke3 57. Kh2 Kf2 58. Kh1 Kxg3
59. Kg1 f4 60. Kf1 f3 61. Kg1 f2+ 62. Kf1 Bh8 63. Ke2 Kg2 64. Ke3 f1=Q 65. Ke4
Qf3# 0-1

[Event "Morbihan Ch "]
[Site "France"]
[Date "2012.10.27"]
[Round "1.17"]
[White "Marechal, Daniel"]
[Black "Richeux, Guillaume"]
[Result "1-0"]
[WhiteElo "1650"]
[BlackElo "1399"]
[PlyCount "143"]
[EventDate "2012.10.??"]
[EventType "swiss"]
[EventRounds "7"]
[EventCountry "FRA"]
[SourceDate "2005.09.12"]

1. d4 d5 2. Nf3 Nf6 3. e3 g6 4. c4 Bd7 5. Nc3 c6 6. Qb3 b6 7. cxd5 c5 8. Ne5
Bg7 9. Nxd7 Nbxd7 10. Bb5 O-O 11. O-O Qc7 12. h3 a6 13. Be2 b5 14. Qd1 Nb6 15.
Bf3 Rad8 16. dxc5 Qxc5 17. e4 Nbd7 18. Be3 Qb4 19. Qb3 Qa5 20. Rac1 Ne5 21. Be2
Rc8 22. a3 Rb8 23. Bf4 Nh5 24. Bh2 Rb7 25. g4 Qb6 26. gxh5 gxh5 27. Nd1 Qg6+
28. Qg3 Qxe4 29. Nc3 Qf5 30. Rfd1 Rb6 31. d6 exd6 32. Nd5 Rb7 33. Nf4 Ng6 34.
Nxh5 Be5 35. Qg4 Bxh2+ 36. Kxh2 Qxf2+ 37. Qg2 Qf5 38. Rf1 Qe5+ 39. Kh1 Re7 40.
Bd3 Qxh5 41. Bxg6 hxg6 42. Rf2 Kg7 43. Rcf1 g5 44. Rf5 Re5 45. Qg4 Qxg4 46.
hxg4 Rh8+ 47. Kg2 Rxf5 48. Rxf5 Kg6 49. Rd5 Rd8 50. Kf3 f6 51. Ke4 Re8+ 52. Kd4
Re5 53. Rxd6 a5 54. b4 axb4 55. axb4 Kf7 56. Rb6 f5 57. Kxe5 f4 58. Ke4 Ke7 59.
Rxb5 Kd6 60. Rxg5 f3 61. Kxf3 Ke6 62. Ke4 Kf6 63. Kf4 Ke6 64. Rc5 Kd6 65. Ke4
Ke6 66. Rc6+ Kf7 67. Ke5 Ke7 68. Rc7+ Kf8 69. Ke6 Kg8 70. Kf6 Kh8 71. Kg6 Kg8
72. Rc8# 1-0